Identification of TPD responsive transcripts in Hevea brasiliensis (Record no. 50742)

MARC details
000 -LEADER
fixed length control field 00573nam a2200157Ia 4500
100 ## - MAIN ENTRY--AUTHOR NAME
Personal name Sathik M B M
245 #0 - TITLE STATEMENT
Title Identification of TPD responsive transcripts in Hevea brasiliensis
260 ## - PUBLICATION, DISTRIBUTION, ETC. (IMPRINT)
Name of publisher In: Tapping Panel Dryness of Rubber Trees (Eds.James Jacob; R Krishnakumar and N.M. Mathew) Rubber Research Institute of India, Kottayam, 2006, pp.162-172.
650 ## - SUBJECT ADDED ENTRY--TOPICAL TERM
Topical Term DD R-PCR
650 ## - SUBJECT ADDED ENTRY--TOPICAL TERM
Topical Term Differential gene expression
650 ## - SUBJECT ADDED ENTRY--TOPICAL TERM
Topical Term TPD-responsive transcripts
700 ## - ADDED ENTRY--PERSONAL NAME
Personal name Jacob J
700 ## - ADDED ENTRY--PERSONAL NAME
Personal name Thomas M
942 ## - ADDED ENTRY ELEMENTS (KOHA)
Koha item type Bibliography STAF
Holdings
Withdrawn status Lost status Damaged status Not for loan Home library Current library Shelving location Date acquired Koha item type
      Bibliography RRII Library RRII Library Plant physiology 18/06/2007 Bibliography STAF